000 00510nam a2200169Ia 4500
003 GCL
008 140319s9999 xx 000 0 ara d
040 _aGCL /
_cGCL
082 0 4 _a275.7
_bم ت
100 1 _aمونيهام , ستانلى
245 1 0 _aالتنصير : خطة لغزو العالم الاسلامى /
_cمونيهام , ستانلى
300 _a808 ص
490 _a
650 0 4 _aالاسلام والمسيحية
650 0 4 _aالارساليات التبشيرية
942 _2ddc
_cBK
999 _c48374
_d48374